LIBRARY & INFORMATION CENTRE, KCAET, TAVANUR

ONLINE PUBLIC ACCESS CATALOGUE (OPAC)

A Handbook of Soil Fertility (Record no. 14473)

MARC details
000 -LEADER
fixed length control field 00364nam a22001457a 4500
020 ## - INTERNATIONAL STANDARD BOOK NUMBER
ISBN 9789381226551
082 ## - DEWEY DECIMAL CLASSIFICATION NUMBER
Classification number 631.42
Item number KAL/HA
100 ## - MAIN ENTRY--AUTHOR NAME
Personal name Kaleeswari,R.K
100 ## - MAIN ENTRY--AUTHOR NAME
Personal name Rajeswari,R
100 ## - MAIN ENTRY--AUTHOR NAME
Personal name Prabhaharan,J
245 ## - TITLE STATEMENT
Title A Handbook of Soil Fertility
260 ## - PUBLICATION, DISTRIBUTION, ETC. (IMPRINT)
Place of publication Delhi
Name of publisher Satish Serial Publishing House
Year of publication 2013
300 ## - PHYSICAL DESCRIPTION
Number of Pages 149
942 ## - ADDED ENTRY ELEMENTS (KOHA)
Koha item type Books
Holdings
Withdrawn status Lost status Damaged status Collection code Home library Current library Shelving location Date acquired Source of acquisition Cost, normal purchase price Full call number Accession Number Koha item type
        KAUAET KAUAET General Stacks 07/07/2016 Arunima Book Distributor,TVPM 750.00 631.42 KAL/HA 24820 Books
free website counter